| 000 | 00642nam a22002057a 4500 | ||
|---|---|---|---|
| 005 | 20180416144908.0 | ||
| 010 | _aENG-122583 | ||
| 020 |
_a9789352806034 _c695.00 |
||
| 035 | _aEN-106115 | ||
| 037 | _bDBAD/PUB | ||
| 082 | _a371.3 | ||
| 100 | _aRoffey, Sue | ||
| 245 |
_aCircle solutions for student wellbeing / _cby Sue Roffey _b |
||
| 250 | _a2nd edn. | ||
| 260 |
_aNew Delhi _bSage Publications _c2018 |
||
| 270 |
_aB-1/I-1, Mohan Cooperative Industrial Area, Mathura Road, _bNew Delhi _e110044 |
||
| 300 |
_a130p. _c26m.(pbk) _bill. |
||
| 500 | _aIt include references and index | ||
| 942 |
_2ddc _cEN _mROF _h371.36 |
||
| 999 |
_c151233 _d151233 |
||